| 000 | 00607nam a2200193 i 4500 | ||
|---|---|---|---|
| 001 | 30993 | ||
| 003 | ES-MaACL | ||
| 005 | 20250825001412.0 | ||
| 007 | t| | ||
| 008 | 030128q1924 it ||||1| ita d | ||
| 100 | 1 |
_aBattaglini, Dardo. _926469 |
|
| 245 | 1 | 3 |
_aLa decorazione del libro _b: 90 disegni / _cdel pittore Dardio Battaglini ; prefazione del cav. Cesare Ratta. |
| 260 |
_aAlessandria : _bAriel, _c[1924?] |
||
| 300 |
_a31 p., XLV lám. ; _c24 cm. |
||
| 650 | 7 |
_aIlustración de libros _2embne _9165696 |
|
| 700 | 1 |
_aRatta, Cesare. _995536 |
|
| 852 |
_aES-MaACL _jA-188 |
||
| 999 |
_c30993 _d30993 |
||